000
00239as aa2200097a 44500
090
_a
SERIADAS
_b
00781
245
1
0
_a
CARDER 60 Días
260
_b
Corporación Autónoma Regional de Risaralda
_a
Colombia
041
0
_a
Español
942
_c
REVISTA
999
_c
16793
_d
16793